000 00681nam a2200229Ia 4500
003 OSt
005 20220103151926.0
008 210716s2011 xx 000 0 und d
020 _a978 81 7371 733 8
040 _cAIMIT LIBRARY
041 _aeng
082 _a001.42
_22
_bANDV
100 _aAnderson, Valerie.
_912307
245 _aResearch Methods in Human Resource Management.
250 _a2nd. ed . -
260 _aHyderabad:
_bUniversities Press,
_c2011
300 _axii,385p. ; 24 cm.
650 _aResearch Methodology.
_912308
650 _aHuman Resource Management.
_912309
650 _aCollecting and Recording.
_912310
942 _2ddc
_cBK
_e2nd
_k001.42 ANDV
999 _c209982
_d209982